书目信息 |
| 题名: |
无机合成
|
|
| 作者: | 麦克迪尔米德 著 ;陆秀菁 译 | |
| 分册: | 第十七卷 | |
| 出版信息: | 北京 科学出版社 1986 |
|
| 页数: | 225页 | |
| 开本: | 20cm | |
| 丛书名: | ||
| 单 册: | ||
| 中图分类: | O611.6 | |
| 科图分类: | ||
| 主题词: | 无机化学 | |
| 电子资源: | ||
| ISBN: | ||
| 000 | 00690nam0 2200241 45 | |
| 001 | 0186010179 | |
| 005 | 20060331100859.42 | |
| 010 | @dCNY2.10 | |
| 091 | @a13031.3189 | |
| 100 | @a19900818d1986 kemy0chiy0121 ea | |
| 101 | 1 | @achi@ceng |
| 102 | @aCN@b110000 | |
| 105 | @ay z 000yy | |
| 200 | 10 | @a无机合成@Awu ji he cheng@h第十七卷@f(美)麦克迪尔米德著@F(mei)mai ke di er mi de zhu@g陆秀菁译 |
| 210 | @a北京@c科学出版社@d1986 | |
| 215 | @a225页@d20cm | |
| 606 | 0 | @a无机化学 |
| 690 | @aO611.6@v4 | |
| 701 | 0 | @a麦克迪尔米德@Amai ke di er mi de@4著 |
| 702 | 0 | @a陆秀菁@Alu xiu jing@4译 |
| 801 | 0 | @aCN@b深圳图书馆@c20060331 |
| 801 | 2 | @aCN@bNLC@c20051108 |
| 905 | @dO611.6@e2:17 | |
| 无机合成.第十七卷/(美)麦克迪尔米德著/陆秀菁译.-北京:科学出版社,1986 |
| 225页;20cm |
| ISBN :CNY2.10 |
| ● |
| 相关链接 |
|
|
|
|
正题名:无机合成
索取号:O611.6/2:17
 
预约/预借
| 序号 | 登录号 | 条形码 | 馆藏地/架位号 | 状态 | 备注 |
| 1 | 0157481 | 202236357 | 密集书库/ [索取号:O611.6/2:17] | 在馆 | |
| 2 | 0157482 | 000349377 | 第三借阅区/ [索取号:O611.6/2:17] | 在馆 | |
| 3 | 0157483 | 202142074 | 密集书库/ [索取号:O611.6/2:17] | 在馆 |